Mida su capacidad intelectual: cual es su coeficiente intelectual ?

Bewaard in:
Bibliografische gegevens
Hoofdauteur: Lauster, Peter (Auteur)
Formaat: Boek
Taal:Spaans
Gepubliceerd in: Bilbao Mensajero 1985
Onderwerpen:
Tags: Voeg label toe
Geen labels, Wees de eerste die dit record labelt!

MARC

LEADER 00000nam a2200000 a 4500
001 UCW7531
003 CL-VaPUC
008 930412e19850000SP |||||||||||||||||spa|d
082 0 4 |a 153.93  |b LAU  |2 21 
100 |a Lauster, Peter  |e author  |9 439113 
245 1 0 |a Mida su capacidad intelectual: cual es su coeficiente intelectual ? 
300 |a 125 p 
942 |c BK 
945 |d 19930412 00:00:00 
260 |a Bilbao  |b Mensajero  |c 1985 
650 0 |a Test de inteligencia  |9 309025 
650 0 |a Pruebas de inteligencia  |9 307461 
583 |a last modification  |c 19930412 00:00:00  |k Rodrigo Vera 
999 |c 220255  |d 220253 
952 |0 0  |1 0  |4 0  |6 153_930000000000000_LAU_1985  |7 0  |8 P  |9 212228  |a BIBEDU  |b BIBEDU  |c BIBEDU_PB  |d 2019-11-15  |i 2804824  |o 153.93 LAU 1985  |p 2804824  |r 2024-01-25  |w 2019-11-15  |y BK  |k EDU